| 000 | 00736nam a2200229 a 4500 | ||
|---|---|---|---|
| 005 | 20160108123027.0 | ||
| 008 | 140115b ck a gr|||| 00| 0 spa d | ||
| 040 |
_aCO-BoIAVH _cCO-BoIAVH |
||
| 041 | 0 | _aspa | |
| 044 | _ack | ||
| 090 |
_aEA _b00026 |
||
| 110 | 2 | _bAsociación Calidris | |
| 245 | 1 |
_aFestival de la migración : _bviajeros sin maleta / |
|
| 260 |
_aColombia : _bFundación Yubarta : _bCENIPACIFICO : _bFundación Natura: _bCalidris, _c[s.f.] |
||
| 300 |
_a18 páginas : _bIlustraciones ; _c23 x 17 cm. |
||
| 650 | 6 | _aAves migratorias | |
| 650 | 6 | _aTortugas marinas | |
| 710 | 2 | _aFundación Yubarta | |
| 710 | 2 | _aFundación Natura | |
| 710 | 2 | _aCENIPACIFICO | |
| 942 |
_cFolleto _2z |
||
| 999 |
_c4465 _d4465 |
||